| 000 | 00732nac a22002531i 4500 | ||
|---|---|---|---|
| 003 | EG-ScBUE | ||
| 005 | 20230227051100.0 | ||
| 008 | 230227s2002 cc a f 000 0 eng d | ||
| 020 | _a9627723630 | ||
| 020 | _a9789627723639 | ||
| 040 |
_aEG-ScBUE _beng _erda _cEG-ScBUE _dEG-ScBUE |
||
| 082 | 0 | 4 |
_a728.5 _bHOT _222 |
| 245 | 0 | 0 |
_aHotels / _cedited by Bernard Chan. |
| 264 | 1 |
_aHong Kong : _bPace Publishing Limited, _c2002. |
|
| 300 |
_a222 pages : _bcolor illustrations ; _c31 cm |
||
| 336 |
_2rdacontent _atext _btxt |
||
| 337 |
_2rdamedia _aunmediated _bn |
||
| 338 |
_2rdacarrier _avolume _bnc |
||
| 650 | 7 |
_aHotels _2BUEsh |
|
| 653 | _bENGARC | ||
| 655 | _vReading book | ||
| 700 | 1 |
_aChan, Bernard, _eeditor. |
|
| 942 |
_cBB _2ddc |
||
| 999 |
_c3129 _d3129 |
||